| 000 | 01372nam a2200325Ia 4500 | ||
|---|---|---|---|
| 001 | ebr10599400 | ||
| 003 | CaPaEBR | ||
| 006 | m u | ||
| 007 | cr cn||||||||| | ||
| 008 | 890124s1989 gw a sb 000 0 eng d | ||
| 010 | _z 89030563 | ||
| 020 | _z3110114496 | ||
| 020 | _z9783110114492 | ||
| 020 | _z9783110854015 (ebook) | ||
| 040 |
_aCaPaEBR _cCaPaEBR |
||
| 035 | _a(OCoLC)760070152 | ||
| 050 | 1 | 4 |
_aHD9987.P352 _bK37 1989eb |
| 100 | 1 |
_aKassem, M. Sami, _d1938- |
|
| 245 | 1 | 0 |
_aStrategic management of services in the Arab Gulf states _h[electronic resource] : _bcompany and industry cases / _cby M. Sami Kassem, Ghazi M. Habib, et al. |
| 260 |
_aBerlin ; _aNew York : _bW. de Gruyter, _c1989. |
||
| 300 |
_axxi, 480 p. : _bill. |
||
| 504 | _aIncludes bibliographical references. | ||
| 533 |
_aElectronic reproduction. _bPalo Alto, Calif. : _cebrary, _d2011. _nAvailable via World Wide Web. _nAccess may be limited to ebrary affiliated libraries. |
||
| 650 | 0 |
_aService industries _zPersian Gulf Region _xManagement _vCase studies. |
|
| 650 | 0 |
_aIndustries _zPersian Gulf Region _xManagement _vCase studies. |
|
| 655 | 7 |
_aElectronic books. _2local |
|
| 700 | 1 |
_aHabib, Ghazi M., _d1950- |
|
| 710 | 2 | _aebrary, Inc. | |
| 856 | 4 | 0 |
_uhttp://site.ebrary.com/lib/rucke/Doc?id=10599400 _zAn electronic book accessible through the World Wide Web; click to view |
| 999 |
_c109891 _d109891 |
||